| 000 | 00916nam a2200265Ia 4500 | ||
|---|---|---|---|
| 003 | OSt | ||
| 005 | 20220923222142.0 | ||
| 006 | a|||||r|||| 00| 0 | ||
| 007 | ta | ||
| 008 | 220922b |||||||| |||| 00| 0 ben d | ||
| 024 | _a203,426 | ||
| 037 | _cTextual | ||
| 040 |
_aARTS _cARTS _bben |
||
| 041 |
_2ben _aben |
||
| 082 | _aO157,3N12,44, 152M1 | ||
| 100 |
_aमित्र, विमल; गुप्ता, सुशील, अनु. _9158337 |
||
| 245 | 0 | _aलज्जाहरण | |
| 246 | _aLajjāharaṇa | ||
| 250 | _aसंस्क 2 | ||
| 260 |
_aदिल्ली _b राजपाल एंड सन्स _c1981 |
||
| 300 |
_a135पृ0 _ccm. |
||
| 650 |
_aबंगाली साहित्य _9156264 |
||
| 942 |
_hO157,3N12,44, 152M1 _cTEXL _2CC |
||
| 999 |
_c354178 _d354178 |
||